Urban Water Supply Handbook / (Record no. 32137)

000 -LEADER
fixed length control field 01104mam a22003254a 4500
001 - CONTROL NUMBER
control field 3306484
003 - CONTROL NUMBER IDENTIFIER
control field OSt
005 - DATE AND TIME OF LATEST TRANSACTION
control field 20210806115630.0
008 - FIXED-LENGTH DATA ELEMENTS--GENERAL INFORMATION
fixed length control field 020703s2002 nyuab bf 001 0 eng
010 ## - LIBRARY OF CONGRESS CONTROL NUMBER
LC control number 2002029370
020 ## - INTERNATIONAL STANDARD BOOK NUMBER
International Standard Book Number 0071371605
035 ## - SYSTEM CONTROL NUMBER
System control number (OCoLC)ocm50155485
038 ## - RECORD CONTENT LICENSOR
Staff Name khadija
040 ## - CATALOGING SOURCE
Original cataloging agency DLC
Transcribing agency DLC
042 ## - AUTHENTICATION CODE
Authentication code pcc
050 00 - LIBRARY OF CONGRESS CALL NUMBER
Classification number TD345
Item number .U727 2002
082 00 - DEWEY DECIMAL CLASSIFICATION NUMBER
Classification number 363.61
Edition number 21
Author Mark URB
245 00 - TITLE STATEMENT
Title Urban Water Supply Handbook /
Statement of responsibility, etc. Larry W. Mays, editor-in-chief.
260 ## - PUBLICATION, DISTRIBUTION, ETC.
Place of publication, distribution, etc. New York :
Name of publisher, distributor, etc. McGraw-Hill,
Date of publication, distribution, etc. c2002.
300 ## - PHYSICAL DESCRIPTION
Extent 1 v. (various pagings) :
Other physical details ill., maps ;
Dimensions 24 cm.
504 ## - BIBLIOGRAPHY, ETC. NOTE
Bibliography, etc. note Includes bibliographical references and index.
563 ## - BINDING INFORMATION
Binding note HARD COVER
650 #0 - SUBJECT ADDED ENTRY--TOPICAL TERM
Topical term or geographic name entry element Municipal water supply
General subdivision Management
Form subdivision Handbooks, manuals, etc.
9 (RLIN) 81313
650 #0 - SUBJECT ADDED ENTRY--TOPICAL TERM
Topical term or geographic name entry element Water-supply
General subdivision Planning
Form subdivision Handbooks, manuals, etc.
9 (RLIN) 81314
700 1# - ADDED ENTRY--PERSONAL NAME
Personal name Mays, Larry W.
9 (RLIN) 3525
856 41 - ELECTRONIC LOCATION AND ACCESS
Materials specified Table of contents
Uniform Resource Identifier <a href="http://www.loc.gov/catdir/toc/mh023/2002029370.html">http://www.loc.gov/catdir/toc/mh023/2002029370.html</a>
856 42 - ELECTRONIC LOCATION AND ACCESS
Materials specified Publisher description
Uniform Resource Identifier <a href="http://www.loc.gov/catdir/description/mh024/2002029370.html">http://www.loc.gov/catdir/description/mh024/2002029370.html</a>
942 ## - ADDED ENTRY ELEMENTS (KOHA)
Source of classification or shelving scheme
Koha item type Book
Holdings
Withdrawn status Lost status Source of classification or shelving scheme Damaged status Not for loan Permanent Location Current Location Shelving location Date acquired Full call number Barcode Date last seen Price effective from Koha item type Public note
          School of Mechanical & Manufacturing Engineering (SMME) School of Mechanical & Manufacturing Engineering (SMME) Reference 07/27/2015 363.61 URB SMME-841 03/27/2018 07/27/2015 Book Rack,9-Shelf,1
© 2023 Central Library, National University of Sciences and Technology. All Rights Reserved.